Real Madrid Academy Players - Sudden Death - Statistics

General Stats
  • This quiz has been taken 121 times
  • The average score is 5 of 16
Answers on the Grid
Answers color-coded by a green-red scale on the quiz's grid according to % correct below.
Álvaro Morata
Casemiro
Dani Parejo
Daniel Carvajal
Éder Militão
Federico Valverde
Fernando Hierro
Gonzalo Higuaín
Guti
Iker Casillas
Isco
José Callejón
Juan Mata
Juanfran Torres
Karim Benzema
Keylor Navas
Lucas Vázquez
Marcelo
Marco Asensio
Marcos Alonso
Marcos Llorente
Nacho Fernández
Pablo Sarabia
Pepe
Raphaël Varane
Raúl
Roberto Carlos
Saúl Ñíguez
Sergio Ramos
Vinícius Júnior
Xabi Alonso
Zinedine Zidane
 
Answer Stats
Answer % Correct
Álvaro Morata
77%
Daniel Carvajal
69%
Iker Casillas
44%
Dani Parejo
34%
Lucas Vázquez
29%
Raúl
27%
Guti
26%
Nacho Fernández
26%
Federico Valverde
24%
José Callejón
24%
Marcos Llorente
24%
Juanfran Torres
23%
Juan Mata
21%
Pablo Sarabia
19%
Marcos Alonso
15%
Saúl Ñíguez
13%
No matching quizzes found
Score Distribution
Percent of People with Each Score
Percentile by Number Answered
Your Score History
You have not taken this quiz